000 00334 a2200109 4500
001 ART_7982
005 20260410161639.0
008 260409a
245 1 0 _aPanorama internacional. Controversias fiscales
100 1 _aEdelstein, Andrés M.
773 0 _tConsultor tributario
_g- Vol. 2, Nº 19 (sep. 2008)
_wREV474
999 _c13114
_d13114